| 000 | 00672nam a2200181 a 4500 | ||
|---|---|---|---|
| 001 | 000036589 | ||
| 005 | 20200930075820.0 | ||
| 008 | 120120s1972 mx a 000 0 spa d | ||
| 040 |
_aDO-SdBNP _bspa _cBNPHU |
||
| 082 | _a627.132 | ||
| 245 | 0 | 0 | _aNivelación de terrenos. |
| 260 |
_aMéxico : _bCentro Regional de Ayuda Técnica, _c1972. |
||
| 300 |
_a70 p. : _bil. ; _c23 cm. |
||
| 490 | 1 |
_aIngeniería de suelos _v7 |
|
| 500 | _aA la cabeza del título manual de ingeniería de suelos, sección 15: riego | ||
| 710 | 2 |
_aServicio de Conservación de Suelos, Departamento de Agricultura de los Estados Unidos de América _962861 |
|
| 830 | 0 | 0 |
_aIngeniería de suelos _n7 _962862 |
| 999 |
_c36080 _d36080 |
||